JRと直通運転を行っている企業 - Statistics

General Stats
  • This quiz has been taken 678 times
    656 since last reset
  • The average score is 16 of 31
Answer Stats
鉄道会社 % Correct
東京地下鉄
90%
東武鉄道
82%
小田急電鉄
80%
相模鉄道
72%
青い森鉄道
70%
IGRいわて銀河鉄道
66%
道南いさりび鉄道
61%
えちごトキめき鉄道
61%
伊豆急行鉄道
59%
しなの鉄道
59%
IRいしかわ鉄道
57%
阿武隈急行
55%
会津鉄道
55%
智頭急行
52%
肥薩おれんじ鉄道
51%
仙台空港鉄道
49%
富士山麓電気鉄道
49%
伊豆箱根鉄道
48%
野岩鉄道
47%
北越急行
46%
鹿島臨海鉄道
45%
東京臨海高速鉄道
45%
伊勢鉄道
42%
土佐くろしお鉄道
39%
福岡市交通局
38%
WILLER TRAINS
35%
東葉高速鉄道
34%
井原鉄道
33%
錦川鉄道
32%
若桜鉄道
31%
愛知環状鉄道
27%
No matching quizzes found
Score Distribution
Percent of People with Each Score
Percentile by Number Answered
Your Score History
You have not taken this quiz since the last reset